01001nas a2200241Ia 4500001001100000003000900011008004100020040001300061040001300074041001300087100003800100210002100138222002100159245009500180250001100275260003600286501008600322300001000408310001200418362003300430500026000463650003600723R022/42845IT-RoPAU151124c99999999xx |||||||||||| ||und|| aIT-RoPAU cIT-RoPAU aITALIANO aAA.VV. gCodice Aut. SPICS: 12000 aINFORMAZIONI MCS aInformazioni Mcs aINFORMAZIONI MCS, ANNO 03-N.06 (GIUGNO 1960)bInformazioni Mcs, Anno 03-N.06 (Giugno 1960) a1a ed. aVICENZAbINFORMAZIONI MCSc1960 bPaulus - SPICS - Società San Paolo EM (non-commercial uses only)cCopyright2015 a24 p. aMENSILE aANNO 003, N.06 (GIUGNO 1960) aBollettino della Commissione Regionale Dello Spettacolo per le Diocesi Venete. Primo Convegno Regionale Veneto degli Esercenti Cattolici. Redimere Ilcinema di Don Alberione. Finanziamento a Favore dell'Esercizio Cinematografico. Elenco Film per Dibattiti aCINEMAvPUBBLICAZIONE PERIODICA